000 00717nam a2200217Ia 4500
003 GCL
008 140319s9999 xx 000 0 ara d
020 _a9000140035
040 _aGCL /
_cGCL
082 0 4 _aط
_b372
_bس ف
100 1 _aسيكوروك، ليونيد
245 1 0 _aالفيزياء للصغار /
_cسيكوروك، ليونيد
700 1 _aاكرم النواب
260 _a[S.N] :
_bدار مير للطباعة والنشر ،
_c1988
300 _a207 ص:
_bايض ؛
_c25 سم
490 _aسلسلة الاعمال المجهولة
_v0
650 0 4 _aالتعليم
650 0 4 _aالاطفال - تعليم
650 0 4 _aالفيزياء - دراسة وتعليم
942 _2ddc
_cBK
999 _c33543
_d33543